000 00957nas a2200289 4500
001 BR8403617
003 BR-BrBNA
005 20231205085946.0
007 ta
008 230509b bl.|||p| |||| 00| 00por d
040 _aBR-BrBNA
_bpor
_cBiblioteca Nacional de Agricultura
041 _a(Pt)
072 _aF21
100 1 _aAlmeida, R.T. de
100 1 _aVasconcelos, I.
100 1 _aFreire, V.F.
111 1 _aSimposio sobre Fixacao de Nitrogenio em Arvores Tropicais
_cRio de Janeiro, RJ (Brazil)
_d19-24 Sep 1983
245 1 _aOcorrencia de esporos de endomicorrizas em solos sob leguminosas arboreas do estado do Ceara, Brasil
650 _aMICORRIZA
650 _aRAIZ
650 _aESPORO
650 _aLEGUMINOSA
650 _aCEARA
773 0 _tPesquisa Agropecuaria Brasileira (Brazil)
_xISSN 0100-204X
_g(Jun 1984), v. 19(Special number) p. 281-282
_wBR8403617
909 _a202311
_bLúcia
_c55
_dLúcia Elande
942 _2AGRIS
_n0
_cANA
999 _c115120
_d115120